[Event "29. Klatovy C 2023"]
[Site "Klatovy"]
[Date "2023.07.06"]
[Round "6.7"]
[White "Richter, Martin1"]
[Black "Zednik, Zdenek"]
[Result "1/2-1/2"]
[WhiteElo "1946"]
[BlackElo "1836"]
[PlyCount "64"]
[EventDate "2023.07.01"]
[EventType "swiss"]
[EventRounds "9"]
[EventCountry "CZE"]
[TimeControl "120+30"]

1. e4 {[%emt 0:00:06]} c5 {[%emt 0:00:55]} 2. b3 {[%emt 0:00:10]} d6 {[%emt 0:00:58]} 3. Bb2 {[%emt 0:00:08]} Nf6 {[%emt 0:00:09]} 4. Bb5+ {[%emt 0:03:50]} Bd7 {[%emt 0:03:23]} 5. Bxd7+ {[%emt 0:04:05]} Nbxd7 {[%emt 0:00:12]} 6. Qe2 {[%emt 0:00:19]} g6 {[%emt 0:01:57]} 7. f4 {[%emt 0:00:20]} Bg7 {[%emt 0:00:34]} 8. Nf3 {[%emt 0:02:59]} O-O {[%emt 0:03:11]} 9. d3 {[%emt 0:01:15]} e6 {[%emt 0:02:52]} 10. Nbd2 {[%emt 0:00:51]} Qa5 {[%emt 0:05:09]} 11. O-O {[%emt 0:01:31]} Qc7 {[%emt 0:06:53]} 12. a4 {[%emt 0:07:49]} b6 {[%emt 0:02:23]} 13. Rae1 {[%emt 0:24:42]} Rfe8 {[%emt 0:17:21]} 14. e5 {[%emt 0:17:46]} dxe5 {[%emt 0:00:02]} 15. Nxe5 {[%emt 0:00:43]} Nd5 {[%emt 0:03:31]} 16. Qf3 {[%emt 0:06:31]} Nb4 {[%emt 0:13:04]} 17. c3 {[%emt 0:01:20]} Nxe5 {[%emt 0:19:19]} 18. fxe5 {[%emt 0:00:28]} Nc6 {[%emt 0:00:27]} 19. d4 {[%emt 0:02:34]} Rad8 {[%emt 0:06:13]} 20. Ne4 {[%emt 0:06:00]} cxd4 {[%emt 0:09:44]} 21. Nf6+ {[%emt 0:02:33]} Bxf6 {[%emt 0:02:49]} 22. exf6 {[%emt 0:00:23]} e5 {[%emt 0:03:54]} 23. Re4 {[%emt 0:04:15]} Qd6 {[%emt 0:03:29]} 24. Qh3 {[%emt 0:11:24]} Re6 {[%emt 0:00:27]} 25. Ba3 {[%emt 0:07:02]} Qxa3 {[%emt 0:02:34]} 26. Rh4 {[%emt 0:01:16]} h5 {[%emt 0:01:01]} 27. Rxh5 {[%emt 0:00:08]} gxh5 {[%emt 0:01:10]} 28. Qxh5 {[%emt 0:00:31]} Rxf6 {[%emt 0:00:30]} 29. Rxf6 {[%emt 0:00:13]} Qc1+ {[%emt 0:00:09]} 30. Rf1 {[%emt 0:00:07]} Qe3+ {[%emt 0:00:15]} 31. Kh1 {[%emt 0:00:14]} Rf8 {[%emt 0:04:37]} 32. Qg4+ {[%emt 0:01:42]} Kh8 {[%emt 0:03:53]} 1/2-1/2

[Event "29. Klatovy C 2023"]
[Site "Klatovy"]
[Date "2023.07.06"]
[Round "6.8"]
[White "Kucera, Jiri"]
[Black "Burgermeister, Michal"]
[Result "1-0"]
[WhiteElo "1920"]
[BlackElo "1748"]
[PlyCount "43"]
[EventDate "2023.07.01"]
[EventType "swiss"]
[EventRounds "9"]
[EventCountry "CZE"]
[TimeControl "120+30"]

1. Nf3 {[%emt 0:00:44]} c5 {[%emt 0:00:24]} 2. g3 {[%emt 0:01:26]} Nc6 {[%emt 0:00:33]} 3. Bg2 {[%emt 0:00:57]} d5 {[%emt 0:01:07]} 4. O-O {[%emt 0:01:54]} Nf6 {[%emt 0:00:27]} 5. d3 {[%emt 0:00:37]} g6 {[%emt 0:01:22]} 6. Nbd2 {[%emt 0:01:13]} Bg7 {[%emt 0:00:54]} 7. e4 {[%emt 0:00:58]} Bg4 {[%emt 0:05:20]} 8. h3 {[%emt 0:03:35]} Bxf3 {[%emt 0:01:19]} 9. Qxf3 {[%emt 0:02:36]} Nd4 {[%emt 0:06:26]} 10. Qd1 {[%emt 0:00:06]} dxe4 {[%emt 0:03:33]} 11. dxe4 {[%emt 0:02:31]} e5 {[%emt 0:08:10]} 12. Nc4 {[%emt 0:05:29]} Qc7 {[%emt 0:07:56]} 13. c3 {[%emt 0:02:51]} Nc6 {[%emt 0:05:26]} 14. Qd6 {[%emt 0:03:03]} Rc8 {[%emt 0:08:01]} 15. Be3 {[%emt 0:27:13]} b6 {[%emt 0:09:17]} 16. Rad1 {[%emt 0:11:10]} Nh5 {[%emt 0:07:26]} 17. g4 {[%emt 0:17:14]} Nf4 {[%emt 0:10:49]} 18. Bxf4 {[%emt 0:00:06]} exf4 {[%emt 0:00:05]} 19. e5 {[%emt 0:00:31]} Nxe5 {[%emt 0:07:53]} 20. Rfe1 {[%emt 0:05:23]} f6 {[%emt 0:04:55]} 21. Qe6+ {[%emt 0:00:17]} Kf8 {[%emt 0:00:26]} 22. Nxe5 {[%emt 0:01:43]} 1-0

[Event "29. Klatovy C 2023"]
[Site "Klatovy"]
[Date "2023.07.06"]
[Round "6.9"]
[White "Vachal, Josef"]
[Black "Plasek, Zdenek"]
[Result "0-1"]
[WhiteElo "1762"]
[BlackElo "1906"]
[PlyCount "130"]
[EventDate "2023.07.01"]
[EventType "swiss"]
[EventRounds "9"]
[EventCountry "CZE"]

1. e4 c5 2. Nf3 d6 3. d4 cxd4 4. Nxd4 Nf6 5. Nc3 a6 6. Be2 e6 7. a4 Be7 8. Be3 O-O 9. O-O Qc7 10. a5 Nc6 11. Nb3 Nd7 12. f4 Nc5 13. Qe1 Nb4 14. Nb5 axb5 15. Qxb4 Bd7 16. e5 Na6 17. Qd2 Bc6 18. Bb6 Qb8 19. exd6 Bxd6 20. c3 Bc7 21. Bd4 Rd8 22. Qe3 Rd7 23. Qg3 Qf8 24. Kh1 Rad8 25. Bf6 Ra8 26. h4 Kh8 27. Bd4 Rad8 28. h5 h6 29. Qe3 Qe7 30. Qg3 Qf8 31. Qe3 Kg8 32. Bf3 Qe7 33. Bxc6 Qh4+ 34. Kg1 bxc6 35. Qf3 Rd5 36. Be5 f6 37. Bxc7 Nxc7 38. a6 Qxh5 39. Qxh5 Rxh5 40. Nd4 Rc5 41. Rfe1 Kf7 42. a7 Ra8 43. Nb3 Rd5 44. Nd4 Rd6 45. Ra5 c5 46. Nxb5 Nxb5 47. Rxb5 Rxa7 48. Rxc5 Ra2 49. Rc7+ Kg6 50. Rb7 Rd2 51. Rxe6 Raxb2 52. Rxb2 Rxb2 53. Rc6 Kf5 54. Rc4 Kg4 55. Kh2 Rf2 56. Rc7 g6 57. Rg7 Kf5 58. Kg3 Rd2 59. Kh2 Rc2 60. Rc7 Kxf4 61. Rc4+ Kg5 62. Kh3 f5 63. g3 Re2 64. Rd4 Re3 65. c4 Re4 0-1

[Event "29. Klatovy C 2023"]
[Site "Klatovy"]
[Date "2023.07.06"]
[Round "6.10"]
[White "Cecil, Pavel"]
[Black "Havelka, Petr"]
[Result "1/2-1/2"]
[WhiteElo "1845"]
[BlackElo "1770"]
[PlyCount "40"]
[EventDate "2023.07.01"]
[EventType "swiss"]
[EventRounds "9"]
[EventCountry "CZE"]

1. Nf3 d5 2. d4 Nf6 3. e3 e6 4. c4 Be7 5. Nbd2 O-O 6. Bd3 b6 7. O-O Bb7 8. b3 Nbd7 9. Bb2 h6 10. Rc1 Rc8 11. Re1 Ne4 12. Ne5 Nxe5 13. dxe5 Nxd2 14. Qxd2 dxc4 15. bxc4 Be4 16. Red1 Bxd3 17. Qxd3 Qxd3 18. Rxd3 Rfd8 19. Rcd1 Rxd3 20. Rxd3 Rd8 1/2-1/2

[Event "29. Klatovy C 2023"]
[Site "Klatovy"]
[Date "2023.07.06"]
[Round "6.12"]
[White "Jezikowska, Nadzieja 1962"]
[Black "Truksa, Vaclav"]
[Result "0-1"]
[WhiteElo "1299"]
[BlackElo "1725"]
[PlyCount "112"]
[EventDate "2023.07.01"]
[EventType "swiss"]
[EventRounds "9"]
[EventCountry "CZE"]

1. e4 c5 2. Nf3 d6 3. d4 cxd4 4. Nxd4 Nf6 5. Nc3 a6 6. Be2 e5 7. Nf3 Be6 8. O-O h6 9. a3 Be7 10. Be3 b5 11. h3 Nbd7 12. Bd3 Rc8 13. Rc1 O-O 14. Nh2 Nb6 15. Qd2 Nc4 16. Bxc4 Rxc4 17. f3 d5 18. exd5 Nxd5 19. Nxd5 Qxd5 20. Rfd1 Qxd2 21. Rxd2 f5 22. c3 Rfc8 23. Rcd1 Kf7 24. Nf1 g5 25. g4 f4 26. Bf2 e4 27. fxe4 Rxe4 28. Re1 Rxe1 29. Bxe1 a5 30. Bf2 b4 31. axb4 axb4 32. Bd4 bxc3 33. bxc3 Rb8 34. Kf2 Rb1 35. Re2 Bc4 36. Re1 Rb2+ 37. Kg1 Bd5 38. Bf2 Bc5 39. Ne3 fxe3 40. Bxe3 Bxe3+ 41. Rxe3 Rc2 42. Rd3 Rg2+ 43. Kf1 Bc4 44. Kxg2 Bxd3 45. Kg3 Ke6 46. h4 Ke5 47. hxg5 hxg5 48. Kf3 Ba6 49. Kg3 Ke4 50. Kh3 Kf3 51. Kh2 Kxg4 52. Kg2 Bb7+ 53. Kg1 Kh3 54. c4 g4 55. c5 g3 56. c6 Bxc6 0-1

[Event "29. Klatovy C 2023"]
[Site "Klatovy"]
[Date "2023.07.06"]
[Round "6.13"]
[White "Vavrinek, Tomas"]
[Black "Skalny, Petr"]
[Result "1/2-1/2"]
[WhiteElo "1698"]
[BlackElo "1561"]
[PlyCount "35"]
[EventDate "2023.07.01"]
[EventType "swiss"]
[EventRounds "9"]
[EventCountry "CZE"]

1. d4 Nf6 2. Nf3 d5 3. Bg5 e6 4. e3 Be7 5. c4 O-O 6. Qc2 c6 7. cxd5 exd5 8. Bd3 h6 9. h4 Bg4 10. Ne5 Nbd7 11. Bxf6 Nxf6 12. f3 Be6 13. g4 Nd7 14. Nxd7 Bxh4+ 15. Kd2 Bxd7 16. Nc3 Re8 17. Raf1 Qg5 18. Nd1 1/2-1/2

[Event "29. Klatovy C 2023"]
[Site "Klatovy"]
[Date "2023.07.06"]
[Round "6.15"]
[White "Danko, Jiri"]
[Black "Mlynek, Petr"]
[Result "0-1"]
[WhiteElo "1873"]
[BlackElo "2035"]
[PlyCount "82"]
[EventDate "2023.07.01"]
[EventType "swiss"]
[EventRounds "9"]
[EventCountry "CZE"]

1. e4 c6 2. d4 d5 3. exd5 cxd5 4. Bd3 Nc6 5. c3 Nf6 6. Bf4 Bg4 7. Nf3 e6 8. Nbd2 Bd6 9. Bg3 O-O 10. O-O a6 11. Re1 Rc8 12. Qa4 Bxg3 13. hxg3 Bxf3 14. gxf3 Na5 15. Qd1 b5 16. Kg2 Nc4 17. Rb1 Qd6 18. f4 b4 19. cxb4 Qxb4 20. Nb3 a5 21. a3 Qb6 22. Nc5 Rfd8 23. Qc1 Nd7 24. b4 axb4 25. axb4 Qb5 26. Qc3 Ra8 27. Ra1 Ndb6 28. Reb1 g6 29. g4 Rdc8 30. Be2 Rxa1 31. Rxa1 Ra8 32. Rxa8+ Nxa8 33. Nd3 Nab6 34. f5 exf5 35. gxf5 Qc6 36. Nc5 gxf5 37. Bf3 f4 38. Kf1 Qg6 39. Bxd5 Nxd5 40. Qxc4 f3 41. Ne4 Qxe4 0-1

[Event "29. Klatovy C 2023"]
[Site "Klatovy"]
[Date "2023.07.06"]
[Round "6.16"]
[White "Nussbauer, Ladislav"]
[Black "Prachar, Josef"]
[Result "1/2-1/2"]
[WhiteElo "1516"]
[BlackElo "1732"]
[PlyCount "86"]
[EventDate "2023.07.01"]
[EventType "swiss"]
[EventRounds "9"]
[EventCountry "CZE"]

1. d4 Nf6 2. c4 e6 3. Nc3 Bb4 4. e3 O-O 5. a3 Bxc3+ 6. bxc3 c5 7. Bd3 d6 8. Ne2 e5 9. O-O e4 10. Bc2 Bg4 11. Qd2 Nbd7 12. h3 Bh5 13. Ng3 Bg6 14. f3 exf3 15. Rxf3 Nh5 16. Qe2 Nxg3 17. Rxg3 Nf6 18. Bxg6 hxg6 19. e4 Nh5 20. Rd3 Qh4 21. g4 Nf6 22. Bf4 Ne8 23. Qe3 Qe7 24. Re1 cxd4 25. cxd4 Qe6 26. d5 Qc8 27. Rc3 b6 28. e5 dxe5 29. Bxe5 Nf6 30. Qd4 Re8 31. Rce3 Qc5 32. Kf2 Nd7 33. Bxg7 Rxe3 34. Rxe3 Qxd4 35. Bxd4 Kf8 36. h4 Rc8 37. Rc3 Nc5 38. Bxc5+ Rxc5 39. Ke3 Ke7 40. Kf4 Kd6 41. Ke4 b5 42. Kd4 bxc4 43. Rxc4 Rxd5+ 1/2-1/2

[Event "29. Klatovy C 2023"]
[Site "Klatovy"]
[Date "2023.07.06"]
[Round "6.20"]
[White "Nisztuk, Michal"]
[Black "Hanzlik, Jiri"]
[Result "1-0"]
[WhiteElo "1424"]
[BlackElo "1585"]
[PlyCount "45"]
[EventDate "2023.07.01"]
[EventType "swiss"]
[EventRounds "9"]
[EventCountry "CZE"]

1. e4 e6 2. d4 d5 3. exd5 Qxd5 4. Nf3 Nf6 5. Nc3 Bb4 6. a3 Bxc3+ 7. bxc3 Nc6 8. Bd3 h6 9. Bf4 Qd7 10. O-O Nd5 11. Bd2 Nf6 12. Re1 O-O 13. Bb5 a6 14. Ne5 Qd5 15. Bc4 Qd8 16. f4 Nxe5 17. fxe5 Nd5 18. Qg4 Kh8 19. Bd3 Ne7 20. Bg5 Qe8 21. Re3 Ng8 22. Rh3 Bd7 23. Bf6 1-0

[Event "29. Klatovy C 2023"]
[Site "Klatovy"]
[Date "2023.07.06"]
[Round "6.22"]
[White "Stanke, Vilem"]
[Black "Novy, Jaroslav"]
[Result "1/2-1/2"]
[WhiteElo "1306"]
[BlackElo "1482"]
[PlyCount "30"]
[EventDate "2023.07.01"]
[EventType "swiss"]
[EventRounds "9"]
[EventCountry "CZE"]

1. e4 e6 2. d4 d5 3. exd5 exd5 4. Bd3 Bd6 5. Nf3 Nf6 6. Nc3 Nc6 7. O-O O-O 8. Bg5 Bg4 9. Nxd5 Nxd4 10. Bxh7+ Kh8 11. Qxd4 Bxh2+ 12. Kxh2 Bxf3 13. gxf3 Qd6+ 14. Bf4 Qxd5 15. Qxd5 Nxd5 1/2-1/2

[Event "29. Klatovy C 2023"]
[Site "Klatovy"]
[Date "2023.07.06"]
[Round "6.11"]
[White "Fiser, Jiri2"]
[Black "Sibl, Vaclav"]
[Result "1-0"]
[WhiteElo "1784"]
[BlackElo "1840"]
[PlyCount "41"]
[EventDate "2023.07.01"]
[EventType "swiss"]
[EventRounds "9"]
[EventCountry "CZE"]

1. e4 d6 2. d4 Nf6 3. Nc3 e5 4. Nf3 Nbd7 5. g4 Nxg4 6. Rg1 Ngf6 7. Be3 c6 8. a4 a5 9. dxe5 dxe5 10. Bc4 h6 11. Qd3 Qc7 12. O-O-O b6 13. Bxf7+ Kxf7 14. Qc4+ Ke7 15. Nh4 Kd8 16. Ng6 Rg8 17. Qf7 Bb4 18. Nxe5 Rf8 19. Qe6 Bb7 20. Nxd7 Nxd7 21. Bxb6 1-0

[Event "29. Klatovy C 2023"]
[Site "Klatovy"]
[Date "2023.07.06"]
[Round "6.17"]
[White "Rezny, Frantisek"]
[Black "Novotny, Jaromir"]
[Result "1-0"]
[WhiteElo "1476"]
[BlackElo "1681"]
[PlyCount "73"]
[EventDate "2023.07.01"]
[EventType "swiss"]
[EventRounds "9"]
[EventCountry "CZE"]

1. e4 d5 2. exd5 Nf6 3. Bb5+ Nbd7 4. c4 e6 5. dxe6 fxe6 6. d4 c6 7. Ba4 Nb6 8. Bb3 Be7 9. Qe2 O-O 10. Nf3 Bb4+ 11. Bd2 Bxd2+ 12. Nbxd2 Qc7 13. O-O Bd7 14. a4 Rae8 15. a5 Na8 16. Rfe1 Qc8 17. c5 Nc7 18. Nc4 Qb8 19. Nd6 Rd8 20. Qd2 Ncd5 21. Ng5 Ne8 22. Qd3 Ndf6 23. Bxe6+ Bxe6 24. Nxe6 Nxd6 25. cxd6 Qxd6 26. Nxd8 Rxd8 27. Qb3+ Kh8 28. Qxb7 Qxd4 29. Qxc6 h6 30. Qc2 Rf8 31. Rad1 Qh4 32. f3 Nd5 33. Re4 Nf4 34. g3 Qg5 35. Rde1 Qg6 36. Qb1 Kh7 37. Rxf4 1-0

[Event "29. Klatovy C 2023"]
[Site "Klatovy"]
[Date "2023.07.06"]
[Round "6.21"]
[White "Novy, Jan"]
[Black "Kotesovec, Jaroslav"]
[Result "1-0"]
[WhiteElo "1403"]
[BlackElo "1473"]
[PlyCount "64"]
[EventDate "2023.07.01"]
[EventType "swiss"]
[EventRounds "9"]
[EventCountry "CZE"]

1. Nf3 Nc6 2. c4 e5 3. Nc3 Nf6 4. d3 Bb4 5. g3 d5 6. cxd5 Nxd5 7. Bd2 O-O 8. Bg2 Re8 9. O-O Bg4 10. e3 Qd7 11. Re1 Nf6 12. Qc2 Rad8 13. a3 Bc5 14. b4 Bd6 15. Ng5 h6 16. Nge4 Nxe4 17. dxe4 a6 18. f3 Be6 19. Nd5 Ne7 20. f4 f5 21. Rac1 c6 22. Nb6 Qc7 23. Nc4 g6 24. fxe5 Bxe5 25. Nxe5 Qxe5 26. Bc3 Qc7 27. Qb2 Nc8 28. Bd4 Nd6 29. Be5 Nc4 30. Bxc7 Nxb2 31. Bxd8 Nd3 32. Bb6 Nxe1 1-0

[Event "29. Klatovy C 2023"]
[Site "Klatovy"]
[Date "2023.07.06"]
[Round "6.19"]
[White "Sykora, Vaclav"]
[Black "Tomecek, Marian"]
[Result "1/2-1/2"]
[WhiteElo "1380"]
[BlackElo "1294"]
[PlyCount "53"]
[EventDate "2023.07.01"]
[EventType "swiss"]
[EventRounds "9"]
[EventCountry "CZE"]

1. c4 e5 2. Nc3 Nf6 3. d3 Bc5 4. e3 O-O 5. Nf3 d6 6. Be2 a6 7. O-O Nbd7 8. b3 Ng4 9. h3 Ngf6 10. Bb2 c6 11. d4 exd4 12. Nxd4 Ne5 13. Nf3 Ng6 14. Ng5 d5 15. cxd5 Nxd5 16. Nge4 Ba7 17. Nxd5 cxd5 18. Ng3 Qg5 19. Bd4 Bb8 20. Qe1 Bxg3 21. fxg3 Be6 22. Rc1 Qd8 23. Qf2 Qd7 24. Rc3 Rac8 25. Rfc1 Rxc3 26. Rxc3 Re8 27. Bf3 1/2-1/2

[Event "29. Klatovy C 2023"]
[Site "Klatovy"]
[Date "2023.07.07"]
[Round "7.1"]
[White "Pribyl, Josef"]
[Black "Chalus, Karel"]
[Result "0-1"]
[WhiteElo "2230"]
[BlackElo "1975"]
[PlyCount "132"]
[EventDate "2023.07.01"]
[EventType "swiss"]
[EventRounds "9"]
[EventCountry "CZE"]
[TimeControl "120+30"]

1. c4 {[%emt 0:00:58]} Nf6 {[%emt 0:00:05]} 2. Nf3 {[%emt 0:00:18]} c6 {[%emt 0:00:17]} 3. b3 {[%emt 0:00:33]} d5 {[%emt 0:00:14]} 4. g3 {[%emt 0:00:19]} Bf5 {[%emt 0:00:10]} 5. Bb2 {[%emt 0:00:12]} e6 {[%emt 0:00:18]} 6. Bg2 {[%emt 0:00:11]} Be7 {[%emt 0:00:06]} 7. d3 {[%emt 0:01:07]} Nbd7 {[%emt 0:01:00]} 8. Nh4 {[%emt 0:00:48]} Bg4 {[%emt 0:15:59]} 9. h3 {[%emt 0:00:13]} Bh5 {[%emt 0:00:08]} 10. g4 {[%emt 0:00:21]} Bg6 {[%emt 0:08:27]} 11. Nxg6 {[%emt 0:00:18]} hxg6 {[%emt 0:00:18]} 12. Nd2 {[%emt 0:00:11]} Qb6 {[%emt 0:07:22]} 13. d4 {[%emt 0:14:31]} dxc4 {[%emt 0:04:56]} 14. Nxc4 {[%emt 0:00:20]} Bb4+ {[%emt 0:00:12]} 15. Kf1 {[%emt 0:00:03]} Qc7 {[%emt 0:06:41]} 16. e3 {[%emt 0:04:25]} Nd5 {[%emt 0:11:00]} 17. Rc1 {[%emt 0:01:05]} Be7 {[%emt 0:08:57]} 18. Qf3 {[%emt 0:02:07]} b5 {[%emt 0:06:04]} 19. Ne5 {[%emt 0:00:30]} Nxe5 {[%emt 0:00:41]} 20. dxe5 {[%emt 0:00:01]} Qa5 {[%emt 0:06:02]} 21. Qe2 {[%emt 0:26:08]} b4 {[%emt 0:21:29]} 22. Rxc6 {[%emt 0:01:59]} O-O {[%emt 0:01:33]} 23. Qa6 {[%emt 0:01:42]} Qd8 {[%emt 0:05:42]} 24. Ke2 {[%emt 0:05:30]} f6 {[%emt 0:10:10]} 25. Rd1 {[%emt 0:05:21]} fxe5 {[%emt 0:01:15]} 26. Rcc1 {[%emt 0:11:44]} Bh4 {[%emt 0:01:05]} 27. Qxe6+ {[%emt 0:00:39]} Kh7 {[%emt 0:00:28]} 28. f3 {[%emt 0:05:39]} Qa5 {[%emt 0:02:35]} 29. Qxd5 {[%emt 0:04:42]} Qxa2 {[%emt 0:00:18]} 30. Rd2 {[%emt 0:07:19]} Rad8 {[%emt 0:01:12]} 31. Bxe5 {[%emt 0:00:54]} Rxd5 {[%emt 0:01:25]} 32. Rxa2 {[%emt 0:00:01]} Rxe5 {[%emt 0:00:09]} 33. Rxa7 {[%emt 0:01:50]} Rxe3+ {[%emt 0:00:20]} 34. Kxe3 {[%emt 0:00:21]} Bg5+ {[%emt 0:00:06]} 35. Kd3 {[%emt 0:03:26]} Bxc1 {[%emt 0:00:33]} 36. Rb7 {[%emt 0:00:41]} Rf4 {[%emt 0:00:31]} 37. Rc7 {[%emt 0:01:55]} Bb2 {[%emt 0:01:39]} 38. Ke3 {[%emt 0:00:07]} Rf6 {[%emt 0:00:36]} 39. Bf1 {[%emt 0:00:29]} g5 {[%emt 0:01:41]} 40. Bd3+ {[%emt 0:00:15]} Kg8 {[%emt 0:00:11]} 41. Be4 {[%emt 0:00:56]} Rh6 {[%emt 0:00:40]} 42. Rb7 {[%emt 0:00:57]} Bc3 {[%emt 0:00:40]} 43. Rb5 {[%emt 0:00:07]} Rxh3 {[%emt 0:00:45]} 44. Rxg5 {[%emt 0:00:03]} Rh2 {[%emt 0:00:33]} 45. Rb5 {[%emt 0:00:53]} Rd2 {[%emt 0:00:30]} 46. g5 {[%emt 0:00:32]} Rd8 {[%emt 0:01:13]} 47. Bd5+ {[%emt 0:02:32]} Kh7 {[%emt 0:01:32]} 48. f4 {[%emt 0:00:29]} Kg6 {[%emt 0:00:28]} 49. Kf3 {[%emt 0:00:36]} Kh5 {[%emt 0:01:51]} 50. Ra5 {[%emt 0:01:34]} Bd2 {[%emt 0:00:55]} 51. Bf7+ {[%emt 0:01:27]} Kh4 {[%emt 0:00:14]} 52. Ra1 {[%emt 0:02:29]} Rd3+ {[%emt 0:01:19]} 53. Ke4 {[%emt 0:00:30]} Re3+ {[%emt 0:00:15]} 54. Kf5 {[%emt 0:02:23]} Rf3 {[%emt 0:01:33]} 55. Rh1+ {[%emt 0:00:54]} Kg3 {[%emt 0:00:06]} 56. Rg1+ {[%emt 0:00:12]} Kh3 {[%emt 0:00:11]} 57. Kg6 {[%emt 0:01:13]} Bc3 {[%emt 0:01:33]} 58. Be6+ {[%emt 0:00:37]} Kh2 {[%emt 0:00:34]} 59. Rg4 {[%emt 0:00:02]} Kh3 {[%emt 0:01:26]} 60. f5 {[%emt 0:00:44]} Kxg4 {[%emt 0:00:21]} 61. f6+ {[%emt 0:00:36]} Kh4 {[%emt 0:00:19]} 62. fxg7 {[%emt 0:00:20]} Bxg7 {[%emt 0:00:14]} 63. Kxg7 {[%emt 0:00:11]} Kxg5 {[%emt 0:00:07]} 64. Bd5 {[%emt 0:00:24]} Rf4 {[%emt 0:00:17]} 65. Bg8 {[%emt 0:00:23]} Kg4 {[%emt 0:00:09]} 66. Kg6 {[%emt 0:00:12]} Kf3 {[%emt 0:00:13]} 0-1

[Event "29. Klatovy C 2023"]
[Site "Klatovy"]
[Date "2023.07.07"]
[Round "7.2"]
[White "Petras, Milan"]
[Black "Turner, Radek"]
[Result "0-1"]
[WhiteElo "1866"]
[BlackElo "1991"]
[PlyCount "100"]
[EventDate "2023.07.01"]
[EventType "swiss"]
[EventRounds "9"]
[EventCountry "CZE"]
[TimeControl "120+30"]

1. e4 {[%emt 0:11:58]} g6 {[%emt 0:00:21]} 2. g3 {[%emt 0:01:00]} Bg7 {[%emt 0:00:16]} 3. Bg2 {[%emt 0:00:03]} d6 {[%emt 0:00:24]} 4. d4 {[%emt 0:00:59]} Nf6 {[%emt 0:06:06]} 5. c4 {[%emt 0:03:04]} c5 {[%emt 0:01:37]} 6. d5 {[%emt 0:02:41]} O-O {[%emt 0:00:28]} 7. Nc3 {[%emt 0:00:13]} Na6 {[%emt 0:00:49]} 8. Nge2 {[%emt 0:16:35]} Nc7 {[%emt 0:00:47]} 9. a4 {[%emt 0:08:48]} Rb8 {[%emt 0:00:45]} 10. O-O {[%emt 0:18:32]} a6 {[%emt 0:03:01]} 11. f4 {[%emt 0:02:02]} b5 {[%emt 0:00:54]} 12. axb5 {[%emt 0:06:55]} axb5 {[%emt 0:00:38]} 13. cxb5 {[%emt 0:00:07]} Nxb5 {[%emt 0:00:33]} 14. Kh1 {[%emt 0:07:11]} Bg4 {[%emt 0:01:33]} 15. Bf3 {[%emt 0:09:54]} Nxc3 {[%emt 0:01:27]} 16. Nxc3 {[%emt 0:01:03]} Bxf3+ {[%emt 0:02:25]} 17. Rxf3 {[%emt 0:02:29]} Nd7 {[%emt 0:00:27]} 18. Qe2 {[%emt 0:08:38]} Ra8 {[%emt 0:02:18]} 19. Na4 {[%emt 0:11:49]} Qa5 {[%emt 0:04:47]} 20. Bd2 {[%emt 0:02:19]} Qa6 {[%emt 0:00:19]} 21. Qxa6 {[%emt 0:03:07]} Rxa6 {[%emt 0:01:25]} 22. Rfa3 {[%emt 0:01:03]} Rfa8 {[%emt 0:02:12]} 23. Bc3 {[%emt 0:01:18]} Nf6 {[%emt 0:03:43]} 24. Nb6 {[%emt 0:05:40]} Rxa3 {[%emt 0:00:54]} 25. Rxa3 {[%emt 0:00:03]} Rb8 {[%emt 0:01:13]} 26. Bxf6 {[%emt 0:04:35]} Bxf6 {[%emt 0:00:28]} 27. Nd7 {[%emt 0:00:04]} Bxb2 {[%emt 0:00:19]} 28. Ra7 {[%emt 0:01:10]} Rd8 {[%emt 0:16:57]} 29. e5 {[%emt 0:00:18]} dxe5 {[%emt 0:02:06]} 30. fxe5 {[%emt 0:00:02]} Bd4 {[%emt 0:08:45]} 31. Rc7 {[%emt 0:00:33]} Ra8 {[%emt 0:06:42]} 32. e6 {[%emt 0:00:41]} fxe6 {[%emt 0:00:29]} 33. dxe6 {[%emt 0:00:05]} Ra6 {[%emt 0:02:57]} 34. Rc8+ {[%emt 0:01:43]} Kg7 {[%emt 0:00:14]} 35. Nf8 {[%emt 0:00:07]} Rd6 {[%emt 0:00:54]} 36. Re8 {[%emt 0:00:52]} Bf6 {[%emt 0:04:05]} 37. Rc8 {[%emt 0:00:13]} c4 {[%emt 0:05:57]} 38. Nd7 {[%emt 0:00:22]} Rd4 {[%emt 0:00:42]} 39. Kg2 {[%emt 0:01:00]} g5 {[%emt 0:01:52]} 40. h3 {[%emt 0:00:30]} h5 {[%emt 0:00:34]} 41. Kf3 {[%emt 0:00:35]} Rd3+ {[%emt 0:00:15]} 42. Kg2 {[%emt 0:00:38]} c3 {[%emt 0:00:56]} 43. g4 {[%emt 0:00:01]} hxg4 {[%emt 0:00:28]} 44. hxg4 {[%emt 0:00:01]} Rd2+ {[%emt 0:00:41]} 45. Kh3 {[%emt 0:00:37]} c2 {[%emt 0:00:24]} 46. Rf8 {[%emt 0:00:33]} c1=Q {[%emt 0:02:35]} 47. Rf7+ {[%emt 0:00:30]} Kh8 {[%emt 0:00:25]} 48. Rf8+ {[%emt 0:00:41]} Kh7 {[%emt 0:00:28]} 49. Rf7+ {[%emt 0:01:08]} Bg7 {[%emt 0:00:21]} 50. Nf8+ {[%emt 0:00:36]} Kh6 {[%emt 0:00:10]} 0-1

[Event "29. Klatovy C 2023"]
[Site "Klatovy"]
[Date "2023.07.07"]
[Round "7.3"]
[White "Sedlak, Ludek"]
[Black "Kucera, Jiri"]
[Result "1-0"]
[WhiteElo "1885"]
[BlackElo "1920"]
[PlyCount "89"]
[EventDate "2023.07.01"]
[EventType "swiss"]
[EventRounds "9"]
[EventCountry "CZE"]
[TimeControl "120+30"]

1. e4 {[%emt 0:00:03]} e5 {[%emt 0:00:32]} 2. Nf3 {[%emt 0:02:39]} Nc6 {[%emt 0:01:18]} 3. Bc4 {[%emt 0:06:13]} Be7 {[%emt 0:04:53]} 4. d4 {[%emt 0:01:30]} d6 {[%emt 0:00:13]} 5. h3 {[%emt 0:00:31]} Nf6 {[%emt 0:00:19]} 6. Nc3 {[%emt 0:01:21]} O-O {[%emt 0:02:25]} 7. O-O {[%emt 0:07:09]} Nxe4 {[%emt 0:16:33]} 8. Nxe4 {[%emt 0:13:36]} d5 {[%emt 0:00:05]} 9. Nxe5 {[%emt 0:07:36]} Nxe5 {[%emt 0:04:12]} 10. dxe5 {[%emt 0:00:35]} dxe4 {[%emt 0:11:45]} 11. Be3 {[%emt 0:02:55]} Bf5 {[%emt 0:04:36]} 12. g4 {[%emt 0:17:35]} Be6 {[%emt 0:06:59]} 13. Qxd8 {[%emt 0:01:01]} Raxd8 {[%emt 0:01:31]} 14. Bxe6 {[%emt 0:00:37]} fxe6 {[%emt 0:00:01]} 15. Rfd1 {[%emt 0:00:36]} Rd5 {[%emt 0:01:03]} 16. Rxd5 {[%emt 0:00:53]} exd5 {[%emt 0:00:06]} 17. Rd1 {[%emt 0:00:26]} Rd8 {[%emt 0:03:33]} 18. Kg2 {[%emt 0:03:32]} Kf7 {[%emt 0:01:02]} 19. f3 {[%emt 0:00:42]} exf3+ {[%emt 0:00:29]} 20. Kxf3 {[%emt 0:00:10]} Ke6 {[%emt 0:00:04]} 21. Bf2 {[%emt 0:21:22]} Rf8+ {[%emt 0:06:40]} 22. Ke2 {[%emt 0:00:16]} c5 {[%emt 0:01:39]} 23. Bg3 {[%emt 0:00:20]} Bg5 {[%emt 0:02:30]} 24. h4 {[%emt 0:04:12]} Bf4 {[%emt 0:04:22]} 25. Rf1 {[%emt 0:06:28]} Kxe5 {[%emt 0:00:10]} 26. c4 {[%emt 0:02:27]} dxc4 {[%emt 0:05:56]} 27. Rxf4 {[%emt 0:00:20]} Rf6 {[%emt 0:11:41]} 28. Rxf6+ {[%emt 0:03:55]} Kxf6 {[%emt 0:00:02]} 29. Bb8 {[%emt 0:01:36]} a6 {[%emt 0:02:08]} 30. Ke3 {[%emt 0:00:28]} h5 {[%emt 0:01:11]} 31. gxh5 {[%emt 0:00:57]} Kf5 {[%emt 0:00:01]} 32. Kf3 {[%emt 0:00:27]} b5 {[%emt 0:00:19]} 33. Bd6 {[%emt 0:01:10]} b4 {[%emt 0:00:38]} 34. Bxc5 {[%emt 0:00:28]} c3 {[%emt 0:00:04]} 35. bxc3 {[%emt 0:00:18]} bxc3 {[%emt 0:00:02]} 36. Bd4 {[%emt 0:04:03]} c2 {[%emt 0:00:02]} 37. Bb2 {[%emt 0:00:08]} a5 {[%emt 0:01:11]} 38. a4 {[%emt 0:00:14]} g5 {[%emt 0:03:10]} 39. h6 {[%emt 0:01:25]} g4+ {[%emt 0:00:10]} 40. Kg3 {[%emt 0:00:07]} Kg6 {[%emt 0:00:04]} 41. Kxg4 {[%emt 0:00:07]} Kxh6 {[%emt 0:00:01]} 42. Bc1+ {[%emt 0:00:16]} Kg6 {[%emt 0:00:06]} 43. h5+ {[%emt 0:00:13]} Kf6 {[%emt 0:02:25]} 44. Kf3 {[%emt 0:00:30]} Kf5 {[%emt 0:01:44]} 45. Ke2 {[%emt 0:00:18]} 1-0